| 000 | 00673cam a22001935a 4500 | ||
|---|---|---|---|
| 001 | E153715 | ||
| 008 | 110822s1938 xxk f 000 0 eng d | ||
| 035 | _a(Sirsi) u153715 | ||
| 041 | 0 | _aeng | |
| 050 | 0 | 4 | _a333.0062 $2 18 |
| 245 | 0 | 0 |
_aRegister of chartered surveyors, chartered land agents and of auctioneers & estate agents _b1938 |
| 250 | _a2nd ed. | ||
| 260 |
_aLondon _bThomas Skinner _c1938 |
||
| 300 |
_axxiv, 1305 p. _c25 cm. |
||
| 520 | _aIncludes statistical information, as well as details of newspapers, insurance companies, building societies, associations, and government officials. | ||
| 651 | 4 |
_aUnited Kingdom _y |
|
| 690 | _aPROPERTY | ||
| 942 | _n0 | ||
| 999 |
_c112665 _d112665 |
||